Geobotany. (Record no. 28675)

MARC details
000 -LEADER
fixed length control field 00280nam a2200121Ia 4500
082 ## - DEWEY DECIMAL CLASSIFICATION NUMBER
Classification number 058.05
Item number ROH
245 #0 - TITLE STATEMENT
Title Geobotany.
260 ## - PUBLICATION, DISTRIBUTION, ETC. (IMPRINT)
Place of publication New York
Name of publisher Plenum
Year of publication 1976
650 ## - SUBJECT ADDED ENTRY--TOPICAL TERM
Topical Term Geobotany
700 ## - ADDED ENTRY--PERSONAL NAME
Personal name ROHANS, Robert C
942 ## - ADDED ENTRY ELEMENTS (KOHA)
Koha item type Books
Holdings
Withdrawn status Lost status Damaged status Not for loan Home library Current library Date acquired Full call number Accession Number Koha item type
        RRII Library RRII Library 16/12/2021 058.05 ROH 09270 Books